000 00736nam a2200265Ia 4500
003 OSt
005 20220916110927.0
006 a|||||r|||| 00| 0
007 ta
008 220915b |||||||| |||| 00| 0 san d
020 _a8170816351 (hbk)
024 _a591
037 _b18360, 16/10/2007, Nag Publishers
037 _cTextbook
040 _bsan
_aARTS
_cARTS
041 _asan
082 _aO15,1M93x, 152P6
100 _aTripathi Nilimpa Ed.
245 0 _aVrijnandan kavyam
260 _aDelhi
_bNag Publishers India
300 _a62p.
_ccm.
650 _aLiterature
942 _hO15,1M93x, 152P6
_cTB
_2CC
999 _c101553
_d101553